• 首页
  • 本馆介绍
  • 公告通知
  • 最新文献
  • 馆藏检索
  • 电子资源
  • 读者导购
  • 参考咨询
  • 我的图书馆
  • 登录
  • 详细信息显示
  • 放入我的书架
  • 预约/预借图书
  • 作者相关作品
  • 分类相关作品
  • 丛书相关作品
  • 出版社相关作品

书目信息

  • 表格格式
  • 工作单格式
  • 卡片格式
题名:
遗传学实验教程
    
 
作者: 王建波 编
分册:  
出版信息: 武汉   武汉大学出版社  2004
页数: 163页
开本: 26cm
丛书名:
单 册:
中图分类: Q3-3
科图分类:
主题词: 遗传学--实验
电子资源:
ISBN: 7-307-04116-2
000 00572nam0 2200205 45
001 002627354
005 20050408084258.0
010    @a7-307-04116-2@dCNY16.00
100    @a20040416d2004 em y0chiy0110 ea
101 0  @achi
102    @aCN@b420000
105    @ay z 000yy
200 1  @a遗传学实验教程@Ayi chuan xue shi yan jiao cheng@f王建波等编@FWang Jian Bo Deng Bian
210    @a武汉@c武汉大学出版社@d2004
215    @a163页@d26cm
606 0  @a遗传学@x实验
690    @aQ3-3@v4
701  0 @a王建波@4编
801  0 @aCN@bNLC@c20040524
905    @f5@b348262-266@dQ3-3@e37
    
    遗传学实验教程/王建波等编.-武汉:武汉大学出版社,2004
    163页;26cm
    
    
    ISBN 7-307-04116-2:CNY16.00
    
●
相关链接 在E读中查询图书 在五车中查询图书 在当当中查询图书 在豆瓣中查询图书


正题名:遗传学实验教程     索取号:Q3-3/37         预约/预借

序号 登录号 条形码 馆藏地/架位号 状态 备注
1 0348262   203482622   第二样本阅览室/ [索取号:Q3-3/37] 在馆    
2 0348263   203482631   第三借阅区/ [索取号:Q3-3/37] 在馆    
3 0348264   203482640   第三借阅区/ [索取号:Q3-3/37] 在馆    
4 0348265   203482659   第三借阅区/ [索取号:Q3-3/37] 在馆    
5 0348266   203482668   第三借阅区/ [索取号:Q3-3/37] 在馆    
唐山师范学院图书馆 欢迎您!
大连网信软件有限公司© 版权所有